Catálogo público

Desert development (Record no. 5865)

MARC details
000 -CABECERA
campo de control de longitud fija 01764cam a22004217a 4500
003 - IDENTIFICADOR DEL NÚMERO DE CONTROL
campo de control CHAP
005 - FECHA Y HORA DE LA ÚLTIMA TRANSACCIÓN
campo de control 20220329133408.0
008 - DATOS DE LONGITUD FIJA--INFORMACIÓN GENERAL
campo de control de longitud fija 971013s1991 r 00010 d
010 ## - NÚMERO DE CONTROL DE LA BIBLIOTECA DEL CONGRESO
Número de control de LC 5865
011 ## - ENLACE DEL NUMERO DE CONTROL DE LA BIBLIOTECA DEL CONGRESO [OBSOLETO]
Número de control de LC 6837
035 ## - NÚMERO DE CONTROL DEL SISTEMA
Número de control de sistema 6060
040 ## - FUENTE DE LA CATALOGACIÓN
Centro/agencia transcriptor CHAP
082 ## - NÚMERO DE LA CLASIFICACIÓN DECIMAL DEWEY
Número de clasificación 631.0915
Número de documento/Ítem B58
100 00 - ENTRADA PRINCIPAL--NOMBRE DE PERSONA
Nombre de persona Bishay, Adli.
9 (RLIN) 12933
245 #0 - MENCIÓN DE TÍTULO
Título Desert development
Resto del título : proceedings
260 ## - PUBLICACIÓN, DISTRIBUCIÓN, ETC.
Lugar de publicación, distribución, etc. Chur, Switzerland :
Nombre del editor, distribuidor, etc. Harwood Academic,
Fecha de publicación, distribución, etc. 1991
300 ## - DESCRIPCIÓN FÍSICA
Extensión 2v. ilus.
Otras características físicas ; gráfs.
490 #0 - MENCIÓN DE SERIE
Mención de serie Advances in desert and arid land technology and development
Designación de volumen o secuencia ; 5
505 ## - NOTA DE CONTENIDO CON FORMATO
Nota de contenido con formato Contenido: v.1 Desert: agriculture, ecology and biology -- v.2 Socio-economic aspects and renewable energy applications
590 ## - NOTA LOCAL (RLIN)
Nota local BATCH-UPD
Procedencia (VM) [OBSOLETO] 10
Condición del los carretes individuales (VM) [OBSOLETO] 20130110
-- UCH01
-- 0229
590 ## - NOTA LOCAL (RLIN)
Nota local BATCH-UPD
Procedencia (VM) [OBSOLETO] 10
Condición del los carretes individuales (VM) [OBSOLETO] 20130110
-- UCH01
-- 1651
590 ## - NOTA LOCAL (RLIN)
Nota local BATCH-UPD
Procedencia (VM) [OBSOLETO] 10
Condición del los carretes individuales (VM) [OBSOLETO] 20130409
-- UCH01
-- 2252
590 ## - NOTA LOCAL (RLIN)
Nota local BATCH-UPD
Procedencia (VM) [OBSOLETO] 10
Condición del los carretes individuales (VM) [OBSOLETO] 20130410
-- UCH01
-- 1115
590 ## - NOTA LOCAL (RLIN)
Nota local BATCH-UPD
Procedencia (VM) [OBSOLETO] 10
Condición del los carretes individuales (VM) [OBSOLETO] 20130914
-- UCH01
-- 0321
590 ## - NOTA LOCAL (RLIN)
Nota local CONVERSION
Procedencia (VM) [OBSOLETO] 10
Condición del los carretes individuales (VM) [OBSOLETO] 20130109
-- UCH01
-- 1304
650 14 - PUNTO DE ACCESO ADICIONAL DE MATERIA--TÉRMINO DE MATERIA
Término de materia o nombre geográfico como elemento de entrada Agricultura
Subdivisión general Regiones áridas.
9 (RLIN) 1781
650 14 - PUNTO DE ACCESO ADICIONAL DE MATERIA--TÉRMINO DE MATERIA
Término de materia o nombre geográfico como elemento de entrada Desiertos
Subdivisión general Ecología.
9 (RLIN) 32149
650 14 - PUNTO DE ACCESO ADICIONAL DE MATERIA--TÉRMINO DE MATERIA
Término de materia o nombre geográfico como elemento de entrada Energía eólica.
9 (RLIN) 36903
650 14 - PUNTO DE ACCESO ADICIONAL DE MATERIA--TÉRMINO DE MATERIA
Término de materia o nombre geográfico como elemento de entrada Regiones áridas
Subdivisión general Agricultura.
9 (RLIN) 95670
700 0# - PUNTO DE ACCESO ADICIONAL--NOMBRE DE PERSONA
Nombre de persona Dregne, Harold E.
9 (RLIN) 34186
830 0# - PUNTO DE ACCESO ADICIONAL DE SERIE-TÍTULO UNIFORME
Título uniforme Advances in desert and arid land technology and development
Designación de volumen o secuencia ; 5
9 (RLIN) 988
901 ## - ELEMENTOS DE DATOS A LOCAL LDA (RLIN)
a BK
942 ## - ELEMENTOS DE PUNTO DE ACCESO ADICIONAL (KOHA)
Tipo de ítem Koha Libro
949 ## - PROCESAMIENTO DE INFORMACIÓN LOCAL (OCLC)
a 631.0915 B58
b BC
c LIBRO
d 33724000007548
e LIBRO
f v.2 c.2
g I.174940
h 87888
i 6060
s i
t 472.00
949 ## - PROCESAMIENTO DE INFORMACIÓN LOCAL (OCLC)
a 631.0915 B58
b BC
c LIBRO
d 33724000007555
e LIBRO
f v.1 c.2
g I.174940
h 87887
i 6060
s o
t 609.85
949 ## - PROCESAMIENTO DE INFORMACIÓN LOCAL (OCLC)
a 631.0915 B58
b BC
c LIBRO
d 33724000053930
e LIBRO
f v.1
g I.164810
h 82497
i 6060
s i
t 472.00
949 ## - PROCESAMIENTO DE INFORMACIÓN LOCAL (OCLC)
a 631.0915 B58
b BC
c LIBRO
d 33724000053948
e LIBRO
f v.2
g I.164891
h 82498
i 6060
s i
t 472.00
Holdings
Estado de retiro Estado de pérdida Fuente del sistema de clasificación o colocación Estado dañado Restricciones de uso No para préstamo Código de colección Localización permanente Ubicación/localización actual Ubicación en estantería Fecha de adquisición Fuente de adquisición Información codificada de la localización en otra ubicación Total de préstamos Signatura topográfica completa Código de barras Fecha visto por última vez Número de copia Precio válido a partir de Tipo de ítem Koha
    Clasificación Universidad Autónoma de Chapingo   Préstamo 15 días   General Biblioteca Central Biblioteca Central Planta principal - Colección General 31/12/2019 I.164810 LIBRO   631.0915 B58 33724000053930 31/12/2019 v.1 31/12/2019 Libro
    Clasificación Universidad Autónoma de Chapingo   Préstamo 15 días   General Biblioteca Central Biblioteca Central Planta principal - Colección General 31/12/2019 I.164891 LIBRO   631.0915 B58 33724000053948 31/12/2019 v.2 31/12/2019 Libro
    Clasificación Universidad Autónoma de Chapingo   Préstamo 15 días   General Biblioteca Central Biblioteca Central Planta principal - Colección General 31/12/2019 I.174940 LIBRO   631.0915 B58 33724000007548 31/12/2019 v.2 c.2 31/12/2019 Libro
    Clasificación Universidad Autónoma de Chapingo   Préstamo 15 días   General Biblioteca Central Biblioteca Central Planta principal - Colección General 31/12/2019 I.174940 LIBRO   631.0915 B58 33724000007555 31/12/2019 v.1 c.2 31/12/2019 Libro